000 00999nam a2200253Ia 4500
003 GCL
005 20240530095326.0
008 140319s9999 xx 000 0 ara d
020 _a0375214977
040 _aGCL /
_cGCL
082 0 4 _a327.16
_bأ أ
100 1 _aالسيد يسين
245 1 2 _aالامبراطورية الكونية :
_bالصراع ضد الهيمنة الامريكية /
_cالسيد يسين
260 _aالقاهرة :
_bنهضة مصر للطباعة والنشر والتوزيع ،
_c2004
300 _a315 ص ؛
_c24 سم
650 0 4 _aالسياسة الدولية
650 0 4 _aالمنازعات الدولية
650 0 4 _aتوازن القوى
650 0 4 _aالقوى العظمى
650 0 4 _aالولايات المتحدة الامريكية - العلاقات الخارجية
650 0 4 _aالولايات المتحدة الامريكية - الاحوال السياسية
650 0 4 _aالتوازن السياسى
942 _2ddc
_cBK
999 _c6176
_d6176